[Event "11th Tournament of Peace"]
[Site "Zagreb CRO"]
[Date "2025.11.11"]
[Round "7.4"]
[White "Kozul, Zdenko"]
[Black "Postny, Evgeny"]
[Result "1/2-1/2"]
[WhiteElo "2495"]
[BlackElo "2533"]
[EventDate "2025.11.05"]
[PlyCount "91"]

1.d4 d5 2.c4 c6 3.Nf3 Nf6 4.Nc3 dxc4 5.a4 e6 6.e3 c5 7.Bxc4 cxd4 8.exd4 
Be7 9.O-O O-O 10.Re1 Nc6 11.Bg5 Nb4 12.Ne5 Nfd5 13.Bxe7 Nxe7 14.a5 Nbc6 
15.d5 Nxe5 16.Rxe5 Ng6 17.Re3 e5 18.Qh5 Bd7 19.Bd3 Re8 20.g3 Qc8 21.Re4 
Qc5 22.Rc4 Qd6 23.Rd1 Rac8 24.Ne4 Qxd5 25.Ng5 Bc6 26.Rxc6 Qxc6 27.Be4 Qa4 
28.b3 Qa3 29.Qxh7+ Kf8 30.Bxg6 Rc1 31.Qh5 Rxd1+ 32.Qxd1 fxg6 33.Qf3+ Ke7 
34.Qxb7+ Kd6 35.Ne4+ Ke6 36.Qa6+ Ke7 37.Qxa7+ Kf8 38.Qb6 Rc8 39.Kg2 Qc1 
40.Qxg6 Qc6 41.Qh7 Kf7 42.h4 Rb8 43.Kh2 Qg6 44.Ng5+ Kf6 45.Ne4+ Kf7 46.
Ng5+ 1/2-1/2

[Event "11th Tournament of Peace"]
[Site "Zagreb CRO"]
[Date "2025.11.11"]
[Round "7.5"]
[White "Zelcic, Robert"]
[Black "Palac, Mladen"]
[Result "1/2-1/2"]
[WhiteElo "2449"]
[BlackElo "2456"]
[EventDate "2025.11.05"]
[PlyCount "22"]

1.Nf3 d5 2.g3 g6 3.d3 Bg7 4.Bg2 Nf6 5.O-O O-O 6.Nbd2 Nc6 7.e4 dxe4 8.Nxe4 
Nxe4 9.dxe4 e5 10.c3 a5 11.Qxd8 Rxd8 1/2-1/2

[Event "11th Tournament of Peace"]
[Site "Zagreb CRO"]
[Date "2025.11.12"]
[Round "8.1"]
[White "Royal, Shreyas"]
[Black "Palac, Mladen"]
[Result "1/2-1/2"]
[WhiteElo "2495"]
[BlackElo "2456"]
[EventDate "2025.11.05"]
[PlyCount "39"]

1.d4 Nf6 2.c4 e6 3.Nc3 d5 4.cxd5 exd5 5.Bg5 Bb4 6.e3 h6 7.Bh4 g5 8.Bg3 h5 
9.Be5 Nbd7 10.Bxf6 Qxf6 11.Qb3 Qd6 12.h4 gxh4 13.a3 Bxc3+ 14.bxc3 Qb6 15.
Qxb6 axb6 16.Rxh4 Nf6 17.f3 Ke7 18.Bd3 Rg8 19.Kf2 Be6 20.e4 1/2-1/2

[Event "11th Tournament of Peace"]
[Site "Zagreb CRO"]
[Date "2025.11.12"]
[Round "8.2"]
[White "Postny, Evgeny"]
[Black "Zelcic, Robert"]
[Result "0-1"]
[WhiteElo "2533"]
[BlackElo "2449"]
[EventDate "2025.11.05"]
[PlyCount "144"]

1.c4 e6 2.g3 Nf6 3.Bg2 d5 4.Nf3 Be7 5.O-O O-O 6.d4 dxc4 7.Qc2 a6 8.a4 Bd7 
9.Qxc4 Bc6 10.Bf4 Bd6 11.Qc1 Nbd7 12.Re1 h6 13.Nc3 Ne4 14.a5 Qe7 15.Bxd6 
cxd6 16.Ra3 Rfc8 17.Qf4 Ndf6 18.Nxe4 Bxe4 19.Rc1 Qd8 20.Raa1 Rxc1+ 21.Rxc1
Qxa5 22.Qxd6 Qb5 23.Qc7 Qxe2 24.Re1 Qxb2 25.Ne5 Rf8 26.Nd7 Nxd7 27.Bxe4 
Qxd4 28.Bxb7 Nc5 29.Bf3 Nd3 30.Rf1 Ne5 31.Bg2 Rd8 32.Qa5 Rd6 33.Qc7 Qb6 
34.Qc8+ Rd8 35.Qb7 Rb8 36.Qxb6 Rxb6 37.Ra1 Nc6 38.Rc1 Nd4 39.Bf1 f5 40.Rc7
Nb5 41.Rd7 Kh7 42.h4 Kg6 43.h5+ Kf6 44.Rd8 Rc6 45.Rf8+ Ke7 46.Rg8 Kf7 47.
Rb8 Nc7 48.Rc8 a5 49.Bb5 Rc5 50.Ba4 Rc4 51.Bb3 Rc3 52.Ba4 e5 53.Rd8 e4 54.
Rd7+ Kf6 55.Rd6+ Ke5 56.Rd7 Ne6 57.Ra7 Rc5 58.Bd7 Ng5 59.Ba4 f4 60.gxf4+ 
Kxf4 61.Kg2 Nf3 62.Be8 Re5 63.Rf7+ Rf5 64.Ra7 Rg5+ 65.Kh3 Ng1+ 66.Kh2 Kf3 
67.Rf7+ Ke2 68.Bd7 Nf3+ 69.Kh3 Rxh5+ 70.Kg3 Rg5+ 71.Kf4 Ne5 72.Bb5+ Nd3+ 
0-1

[Event "11th Tournament of Peace"]
[Site "Zagreb CRO"]
[Date "2025.11.12"]
[Round "8.3"]
[White "Stevic, Hrvoje"]
[Black "Kozul, Zdenko"]
[Result "1/2-1/2"]
[WhiteElo "2515"]
[BlackElo "2495"]
[EventDate "2025.11.05"]
[PlyCount "20"]

1.e4 c5 2.Nf3 d6 3.d4 cxd4 4.Nxd4 Nf6 5.Nc3 a6 6.Be2 e5 7.Nb3 Be7 8.O-O 
O-O 9.a4 Be6 10.Be3 Nbd7 1/2-1/2

[Event "11th Tournament of Peace"]
[Site "Zagreb CRO"]
[Date "2025.11.12"]
[Round "8.5"]
[White "Moroni, Luca jr"]
[Black "Kaasen, Tor Fredrik"]
[Result "1-0"]
[WhiteElo "2546"]
[BlackElo "2477"]
[EventDate "2025.11.05"]
[PlyCount "117"]

1.c4 e5 2.Nc3 Nf6 3.g3 Bb4 4.Bg2 O-O 5.e4 Bxc3 6.dxc3 d6 7.Qe2 a5 8.Nh3 
Na6 9.f3 Nc5 10.b3 c6 11.Be3 b5 12.cxb5 cxb5 13.O-O Qc7 14.Rfd1 h6 15.Rac1
Ba6 16.Nf2 Rad8 17.Nd3 Nxd3 18.Rxd3 d5 19.exd5 Nxd5 20.Bd2 Nf6 21.Rxd8 
Rxd8 22.Be1 Qd6 23.Rc2 Re8 24.Bf2 Rd8 25.Qe1 a4 26.bxa4 Qd1 27.Rc1 Qxa4 
28.Qxe5 Qxa2 29.Bd4 Qd2 30.Qe1 Qxe1+ 31.Rxe1 Nd5 32.Bf1 Rc8 33.Bd3 Bb7 34.
Bf5 Ra8 35.Be4 Bc6 36.Rb1 f6 37.Rxb5 Ne7 38.Rb2 Bxe4 39.fxe4 Nc6 40.Kf2 
Re8 41.Kf3 Kf7 42.Rb5 Ra8 43.Rb7+ Kg6 44.g4 Nxd4+ 45.cxd4 Ra3+ 46.Ke2 Rh3 
47.d5 h5 48.gxh5+ Rxh5 49.Kd3 Rh3+ 50.Kd4 Rxh2 51.d6 f5 52.e5 Rd2+ 53.Ke3 
Rd5 54.Re7 Kh5 55.Kf4 Kg6 56.d7 Rd4+ 57.Ke3 Rd1 58.Re6+ Kf7 59.Rd6 1-0

[Event "11th Tournament of Peace"]
[Site "Zagreb CRO"]
[Date "2025.11.13"]
[Round "9.1"]
[White "Kaasen, Tor Fredrik"]
[Black "Royal, Shreyas"]
[Result "0-1"]
[WhiteElo "2477"]
[BlackElo "2495"]
[EventDate "2025.11.05"]
[PlyCount "118"]

1.c4 c5 2.g3 g6 3.Bg2 Bg7 4.Nc3 Nc6 5.Rb1 e6 6.a3 Nge7 7.Nh3 e5 8.b4 d6 9.
O-O O-O 10.d3 h6 11.Na4 cxb4 12.axb4 d5 13.b5 Na5 14.Ba3 Re8 15.Bxe7 Rxe7 
16.cxd5 Bg4 17.Qd2 b6 18.Kh1 Rc8 19.f3 Bd7 20.e4 Nb7 21.Nf2 Nd6 22.Bh3 
Bxh3 23.Nxh3 Qd7 24.Ng1 Nxb5 25.Rbc1 Nd4 26.Qa2 Ree8 27.Kg2 h5 28.Rc3 b5 
29.Nc5 Qe7 30.Qa6 Bf8 31.Rfc1 Rc7 32.Qa5 Bh6 33.Qa6 Rd8 34.f4 exf4 35.Nb3 
Rxc3 36.Rxc3 b4 37.Nxd4 bxc3 38.Nc6 Qd6 39.Qc4 Re8 40.Qxc3 fxg3 41.hxg3 h4
42.gxh4 Qf4 43.Qe1 a5 44.Qg3 a4 45.Qxf4 Bxf4 46.Ne2 a3 47.Nc3 f5 48.Kf3 
fxe4+ 49.dxe4 Be5 50.Na2 Kf7 51.Ke3 Kf6 52.Kf3 Ra8 53.Ncb4 Bd6 54.Nc6 Be5 
55.Ncb4 Rb8 56.Ke3 Rh8 57.Nc2 Rxh4 58.Kd3 g5 59.Kc4 Rxe4+ 0-1

[Event "11th Tournament of Peace"]
[Site "Zagreb CRO"]
[Date "2025.11.13"]
[Round "9.2"]
[White "Fedorchuk, Serhii"]
[Black "Moroni, Luca jr"]
[Result "1/2-1/2"]
[WhiteElo "2565"]
[BlackElo "2546"]
[EventDate "2025.11.05"]
[PlyCount "25"]

1.e4 e6 2.d4 d5 3.Nd2 c5 4.exd5 exd5 5.Bb5+ Nc6 6.Ngf3 Qe7+ 7.Be2 Qc7 8.
dxc5 Bxc5 9.Nb3 Bb6 10.O-O Nge7 11.Nfd4 O-O 12.Be3 a6 13.Nxc6 1/2-1/2

[Event "11th Tournament of Peace"]
[Site "Zagreb CRO"]
[Date "2025.11.13"]
[Round "9.3"]
[White "Kozul, Zdenko"]
[Black "Livaic, Leon"]
[Result "0-1"]
[WhiteElo "2495"]
[BlackElo "2550"]
[EventDate "2025.11.05"]
[PlyCount "76"]

1.d4 Nf6 2.c4 e6 3.Nf3 c5 4.d5 d6 5.Nc3 exd5 6.cxd5 g6 7.h3 Bg7 8.e4 O-O 
9.Bd3 Re8 10.O-O Nbd7 11.a4 c4 12.Bc2 Nc5 13.Re1 b6 14.Bf4 Ba6 15.Qd2 Nd3 
16.Bxd3 cxd3 17.Bh6 Bh8 18.Nd4 Nd7 19.Nc6 Qh4 20.Bg5 Qh5 21.f3 Ne5 22.Nxe5
Bxe5 23.Bf4 Rac8 24.Bxe5 Qxe5 25.f4 Qd4+ 26.Kh2 f5 27.exf5 gxf5 28.g4 Re4 
29.gxf5 Rxf4 30.Rf1 Rxf1 31.Rxf1 Qe5+ 32.Kg2 Bc4 33.Rf4 Bxd5+ 34.Kf2 Re8 
35.Rg4+ Kf7 36.Nxd5 Qxd5 37.Kg3 Re2 38.Qc3 Qe5+ 0-1

[Event "11th Tournament of Peace"]
[Site "Zagreb CRO"]
[Date "2025.11.13"]
[Round "9.4"]
[White "Zelcic, Robert"]
[Black "Stevic, Hrvoje"]
[Result "1/2-1/2"]
[WhiteElo "2449"]
[BlackElo "2515"]
[EventDate "2025.11.05"]
[PlyCount "21"]

1.Nf3 Nc6 2.e3 e5 3.d4 exd4 4.Nxd4 Nxd4 5.exd4 d5 6.Bd3 Bd6 7.Nd2 Nf6 8.
Nf3 Qe7+ 9.Qe2 Qxe2+ 10.Kxe2 h6 11.h3 1/2-1/2

[Event "11th Tournament of Peace"]
[Site "Zagreb CRO"]
[Date "2025.11.13"]
[Round "9.5"]
[White "Palac, Mladen"]
[Black "Postny, Evgeny"]
[Result "1/2-1/2"]
[WhiteElo "2456"]
[BlackElo "2533"]
[EventDate "2025.11.05"]
[PlyCount "95"]

1.e4 e5 2.Nf3 Nc6 3.Bc4 Nf6 4.d3 Be7 5.O-O d6 6.c3 O-O 7.Bb3 Na5 8.Bc2 c5 
9.h3 Qc7 10.d4 Bd7 11.Re1 b5 12.d5 Rfb8 13.Nbd2 c4 14.Nf1 Nb7 15.N3h2 Nc5 
16.Bd2 a5 17.b3 Na6 18.Rc1 cxb3 19.axb3 b4 20.cxb4 Nxb4 21.Bb1 Qd8 22.Ne3 
Ne8 23.Nf3 Nc7 24.Bxb4 axb4 25.Nxe5 dxe5 26.d6 Nb5 27.dxe7 Qxe7 28.Nd5 Qd6
29.Nc7 Qxd1 30.Rexd1 Nxc7 31.Rxd7 Nb5 32.Bd3 Nc3 33.Bc4 Rf8 34.Re1 g6 35.
Re7 Kg7 36.Rxe5 Rfe8 37.Rxe8 Rxe8 38.e5 g5 39.Ra1 Rxe5 40.Ra7 Rf5 41.Rb7 
Na2 42.Ra7 Nc3 43.Rb7 Na2 44.f3 h5 45.Ra7 Nc3 46.Rb7 Na2 47.Ra7 Nc3 48.Rb7
1/2-1/2